[Event "Reykjavik Open 2026"]
[Site "Reykjavik ISL"]
[Date "2026.03.26"]
[Round "3.73"]
[White "Jensen, Stein"]
[Black "Lervik, Anders"]
[Result "1/2-1/2"]
[WhiteTitle "FM"]
[WhiteElo "1982"]
[BlackElo "1640"]
[WhiteFideId "1500724"]
[BlackFideId "1567870"]
[EventDate "2026.03.25"]

1. g3 d5 2. Bg2 Nf6 3. Nf3 e6 4. O-O Be7 5. d3 O-O 6. Nbd2 c5 7. e4 Nc6 8. Re1
Qc7 9. c3 b6 10. e5 Nd7 11. Qe2 Ba6 12. Nf1 Rac8 13. h4 Rfd8 14. Bf4 Nf8 15. g4
d4 16. c4 Bb7 17. Bd2 Ng6 18. h5 Nf8 19. a3 Na5 20. Bxa5 bxa5 21. Ng3 Rb8 22.
Rab1 Nd7 23. g5 Bxf3 24. Bxf3 Bxg5 25. Qe4 Rb6 26. Re2 1/2-1/2

[Event "Reykjavik Open 2026"]
[Site "Reykjavik ISL"]
[Date "2026.03.26"]
[Round "3.74"]
[White "Ragnarsson, Johann"]
[Black "Niori, Toma"]
[Result "1-0"]
[WhiteElo "1967"]
[BlackElo "1639"]
[WhiteFideId "2301040"]
[BlackFideId "7006519"]
[EventDate "2026.03.25"]

1. d4 d5 2. e3 Nf6 3. Bd3 c5 4. c3 Nc6 5. f4 Bg4 6. Nf3 Ne4 7. Nbd2 f5 8. Qa4 e6
9. Bxe4 dxe4 10. Ne5 Bh5 11. Nxc6 Qd7 12. Nc4 Qxc6 13. Qxc6+ bxc6 14. b3 cxd4
15. exd4 c5 16. Be3 Rc8 17. Rc1 Rg8 18. h4 h6 19. Kf2 Be7 20. dxc5 Bxc5 21. Bxc5
Rxc5 22. Ne5 Ke7 23. b4 Rc7 24. c4 Rb8 25. Rb1 Be8 26. Rh3 a6 27. Ra3 Rb6 28.
Rbb3 Rcb7 29. b5 axb5 30. c5 b4 31. cxb6 bxa3 32. Ke3 Bd7 33. Kd4 Be8 34. Kc5
Rb8 35. b7 e3 36. Nc6+ Bxc6 37. Kxc6 g5 38. hxg5 hxg5 39. g3 gxf4 40. gxf4 Rd8
41. Rxe3 Rd6+ 42. Kc7 Rd7+ 43. Kb6 Rd4 44. Rb3 Rd8 45. Rxa3 e5 46. Ra8 Rd6+ 47.
Kc5 exf4 48. b8=Q Rd7 49. Qe5+ Kf7 50. Qxf5+ Ke7 51. Qf8+ Ke6 52. Re8+ Re7 53.
Rxe7# 1-0

[Event "Reykjavik Open 2026"]
[Site "Reykjavik ISL"]
[Date "2026.03.26"]
[Round "3.79"]
[White "Omarsson, Josef"]
[Black "Belkaid, Sohan"]
[Result "0-1"]
[BlackTitle "FM"]
[WhiteElo "2047"]
[BlackElo "2379"]
[WhiteFideId "2316102"]
[BlackFideId "45180350"]
[EventDate "2026.03.25"]

1. d4 Nf6 2. c4 g6 3. Nc3 Bg7 4. e4 d6 5. Nf3 O-O 6. Be2 Na6 7. O-O e5 8. dxe5
dxe5 9. Qxd8 Rxd8 10. Bg5 h6 11. Bh4 Re8 12. Rfd1 c6 13. Rd6 Nh5 14. Rad1 Nf4
15. Bf1 Bg4 16. a3 Nc5 17. b4 Nce6 18. Be2 a5 19. h3 axb4 20. axb4 Bh5 21. Kf1
g5 22. Bg3 Bf8 23. Rd7 Bxb4 24. Nb1 Nc5 25. Rc7 Ba5 0-1

[Event "Reykjavik Open 2026"]
[Site "Reykjavik ISL"]
[Date "2026.03.26"]
[Round "3.80"]
[White "Thorfinnsson, Bragi"]
[Black "Mensing, Adrian"]
[Result "1-0"]
[WhiteTitle "GM"]
[WhiteElo "2377"]
[BlackElo "2044"]
[WhiteFideId "2300958"]
[BlackFideId "1043293"]
[EventDate "2026.03.25"]

1. Nf3 Nf6 2. c4 g6 3. Nc3 Bg7 4. d4 O-O 5. Bf4 d6 6. h3 c5 7. d5 Qa5 8. Qd2 a6
9. e3 b5 10. Bd3 bxc4 11. Bxc4 Nbd7 12. O-O Qb4 13. Be2 Bb7 14. a3 Qb6 15. e4
Rfc8 16. Bc4 Qc7 17. Rfe1 Nb6 18. Bf1 Rab8 19. Rad1 Qd7 20. Bh6 Bh8 21. Ng5 Na4
22. f4 Ba8 23. Bxa6 Rc7 24. e5 Nxc3 25. bxc3 Nxd5 26. c4 Nb6 27. Nxf7 dxe5 28.
Nxe5 Qxd2 29. Rxd2 Bg7 30. Bxg7 Kxg7 31. Bb5 Rf8 32. Nd7 Nxd7 33. Rxe7+ Kh6 34.
g3 Ne5 35. Rxe5 Rff7 36. a4 Bb7 37. h4 Bf3 38. Kf2 Bh1 39. Rd6 Kg7 40. h5 Ba8
41. hxg6 hxg6 42. Ree6 1-0

[Event "Reykjavik Open 2026"]
[Site "Reykjavik ISL"]
[Date "2026.03.26"]
[Round "3.81"]
[White "Snodgrass, Benjamin"]
[Black "Ragnarsson, Dagur"]
[Result "0-1"]
[BlackTitle "IM"]
[WhiteElo "2040"]
[BlackElo "2376"]
[WhiteFideId "30915422"]
[BlackFideId "2304058"]
[EventDate "2026.03.25"]

1. e4 c5 2. Nf3 Nc6 3. d4 cxd4 4. Nxd4 e5 5. Nb5 d6 6. N1c3 a6 7. Na3 Be7 8. Nd5
Nf6 9. Nxf6+ Bxf6 10. c3 O-O 11. Bc4 Ne7 12. O-O b5 13. Bb3 Bb7 14. Qe2 Qc7 15.
Nb1 d5 16. Nd2 Bg5 17. Nf3 Bxc1 18. Raxc1 dxe4 19. Ng5 Nd5 20. Qxe4 Nf6 21. Qe2
h6 22. Nf3 Rfe8 23. Rfd1 e4 24. Nd4 Re5 25. c4 b4 26. Nc2 a5 27. Ba4 Rc5 28. Nd4
Qf4 29. h3 Rac8 30. Bb5 Qh4 31. Qe3 Rg5 32. Ne2 Rcc5 33. Rd8+ Kh7 34. Rcd1 Bc8
35. Nf4 Rcf5 36. Rxc8 Rxf4 37. Rc5 Rf3 38. Qxg5 Qxf2+ 0-1

[Event "Reykjavik Open 2026"]
[Site "Reykjavik ISL"]
[Date "2026.03.26"]
[Round "3.82"]
[White "Tang, Zoey"]
[Black "Althoff, Ralph"]
[Result "1-0"]
[WhiteTitle "FM"]
[WhiteElo "2366"]
[BlackElo "2035"]
[WhiteFideId "30952530"]
[BlackFideId "4623177"]
[EventDate "2026.03.25"]

1. d4 d5 2. c4 e6 3. Nc3 Nf6 4. cxd5 exd5 5. Bg5 c6 6. e3 Be7 7. Bd3 Nbd7 8. Qc2
h6 9. Bf4 Nh5 10. Nxd5 cxd5 11. Bc7 Bb4+ 12. Kf1 Qe7 13. Nf3 Nhf6 14. g4 Nxg4
15. Rg1 Nf8 16. Rc1 Bd7 17. Qb3 Nf6 18. Ne5 Rc8 19. Rxg7 Be6 20. Bb5+ N8d7 21.
Ke2 Ne4 22. Bxd7+ Bxd7 23. Qxd5 Nf6 24. Qxb7 Ba5 25. Rxf7 Qe6 26. Rxf6 Qxf6 27.
Nxd7 Qg7 28. Qxc8+ Ke7 29. Bd6+ Kxd6 30. Qc6+ 1-0

[Event "Reykjavik Open 2026"]
[Site "Reykjavik ISL"]
[Date "2026.03.26"]
[Round "3.84"]
[White "Papasimakopoulos, Alexandros"]
[Black "Dijkstra, Matthijs"]
[Result "1-0"]
[WhiteTitle "IM"]
[WhiteElo "2360"]
[BlackElo "2032"]
[WhiteFideId "4244125"]
[BlackFideId "1046985"]
[EventDate "2026.03.25"]

1. Nf3 Nf6 2. d4 d5 3. c4 c6 4. Nc3 e6 5. Bg5 h6 6. Bxf6 Qxf6 7. e3 Nd7 8. Qb3
Qd8 9. Be2 Be7 10. h4 dxc4 11. Bxc4 b5 12. Be2 Bb7 13. Rc1 O-O 14. g4 a5 15. g5
a4 16. Qc2 hxg5 17. Nxg5 Bxg5 18. hxg5 g6 19. f4 c5 20. Rh6 Kg7 21. Nxb5 cxd4
22. Nxd4 Bd5 23. Bf3 Rc8 24. Qxc8 Qxc8 25. Rxc8 Rxc8 26. Bxd5 exd5 27. Rh2 Nb6
28. Rc2 Re8 29. Kf2 Nc4 30. Re2 f6 31. b3 axb3 32. axb3 Nd6 33. gxf6+ Kxf6 34.
Ra2 Nf5 35. Ra6+ Kf7 36. Nxf5 gxf5 37. Rd6 Rb8 38. Rxd5 Kg6 39. Rd6+ Kf7 40. Rd3
Rb4 41. Ke2 Kg6 42. Kd2 Kh5 43. Kc3 1-0

[Event "Reykjavik Open 2026"]
[Site "Reykjavik ISL"]
[Date "2026.03.26"]
[Round "3.85"]
[White "Singh, Siddharth"]
[Black "Hill, Andy"]
[Result "1-0"]
[WhiteElo "2342"]
[BlackElo "2030"]
[WhiteFideId "39907023"]
[BlackFideId "499927"]
[EventDate "2026.03.25"]

1. e4 e6 2. d4 d5 3. Nd2 Nf6 4. e5 Nfd7 5. Bd3 c5 6. c3 Nc6 7. Ngf3 g6 8. h4 h6
9. a4 Qb6 10. O-O cxd4 11. cxd4 Nb4 12. Bb1 a5 13. Re1 Nb8 14. Nf1 Bd7 15. N1h2
N8c6 16. Ng4 O-O-O 17. Ra3 Kb8 18. Rc3 Rc8 19. Be3 Ne7 20. Rxc8+ Nxc8 21. Qc1
Bxa4 22. Nxh6 Be8 23. Ng4 Be7 24. Nf6 Qd8 25. Bh6 Bxf6 26. exf6 Nd6 27. Bg7 Rg8
28. Ne5 Nc6 29. h5 Nxe5 30. dxe5 Nf5 31. Bxf5 gxf5 32. h6 Bb5 33. h7 Rh8 34.
Bxh8 Qxh8 35. Qh6 1-0

[Event "Reykjavik Open 2026"]
[Site "Reykjavik ISL"]
[Date "2026.03.26"]
[Round "3.86"]
[White "Stevens, Christian FRA"]
[Black "Thorfinnsson, Bjorn"]
[Result "0-1"]
[BlackTitle "IM"]
[WhiteElo "2034"]
[BlackElo "2335"]
[WhiteFideId "649090"]
[BlackFideId "2300982"]
[EventDate "2026.03.25"]

1. e4 e5 2. Nf3 Nc6 3. Bc4 Nf6 4. Ng5 d5 5. exd5 Na5 6. Bb5+ Bd7 7. Qe2 Be7 8.
Nc3 O-O 9. Bxd7 Qxd7 10. d3 Nxd5 11. Nxd5 Bxg5 12. Bxg5 Qxd5 13. Qe4 Qb5 14.
O-O-O f5 15. Qe1 Nc6 16. f3 0-1

[Event "Reykjavik Open 2026"]
[Site "Reykjavik ISL"]
[Date "2026.03.26"]
[Round "3.87"]
[White "Roubalik, Jakub"]
[Black "Janssens, Carlo"]
[Result "1-0"]
[WhiteTitle "IM"]
[WhiteElo "2316"]
[BlackElo "2028"]
[WhiteFideId "322237"]
[BlackFideId "217492"]
[EventDate "2026.03.25"]

1. d4 Nf6 2. c4 e6 3. Nf3 b6 4. g3 Bb7 5. Nc3 d5 6. cxd5 Nxd5 7. e3 Be7 8. Bb5+
c6 9. Bd3 O-O 10. e4 Nxc3 11. bxc3 c5 12. O-O g6 13. Qe2 Nd7 14. Bh6 Re8 15. a4
Rc8 16. Bb5 Bc6 17. Rfd1 Qc7 18. Qe3 a5 19. Bxc6 Qxc6 20. Qf4 Bd6 21. Qh4 Qc7
22. e5 Bf8 23. Bxf8 Nxf8 24. Ng5 Qe7 25. Rd3 cxd4 26. cxd4 Rc4 27. Rf3 Qc7 28.
Qf4 Re7 29. Ne4 Qc6 30. Nf6+ Kg7 31. Ng4 Nd7 32. Qh6+ Kh8 33. Nf6 Nf8 34. Qxf8# 1-0

[Event "Reykjavik Open 2026"]
[Site "Reykjavik ISL"]
[Date "2026.03.26"]
[Round "3.88"]
[White "Kejna, Piotr"]
[Black "Maton, Emily"]
[Result "1-0"]
[WhiteTitle "FM"]
[WhiteElo "2310"]
[BlackElo "2016"]
[WhiteFideId "21821704"]
[BlackFideId "343120293"]
[EventDate "2026.03.25"]

1. e4 c5 2. Nf3 e6 3. d4 cxd4 4. Nxd4 Nf6 5. Nc3 Nc6 6. Ndb5 Bc5 7. Bf4 O-O 8.
Bc7 Qe7 9. Bd6 Bxd6 10. Qxd6 Ne8 11. Qxe7 Nxe7 12. O-O-O f5 13. e5 Ng6 14. Re1
a6 15. Nd4 b5 16. a4 b4 17. Na2 a5 18. Nb5 Bb7 19. Kb1 Rc8 20. Nc1 Be4 21. Nd3
Bxd3 22. cxd3 f4 23. d4 Rc6 24. Bd3 Nh4 25. Be4 Rc8 26. Rc1 Rxc1+ 27. Rxc1 Nf5
28. Rc8 Ne7 29. Rd8 Nd5 30. Rxd7 Rf7 31. Bxd5 exd5 32. Rxd5 Re7 33. Nd6 Nxd6 34.
exd6 Rd7 35. Kc2 Kf7 36. Kd3 Ke6 37. Kc4 Rxd6 38. Rxd6+ Kxd6 39. Kb5 g5 40. Kxa5
g4 41. Kb6 h5 42. a5 h4 43. g3 1-0

[Event "Reykjavik Open 2026"]
[Site "Reykjavik ISL"]
[Date "2026.03.26"]
[Round "3.89"]
[White "Kukelko, Alexey"]
[Black "Striskova, Lucia"]
[Result "1/2-1/2"]
[WhiteTitle "FM"]
[BlackTitle "WFM"]
[WhiteElo "2304"]
[BlackElo "2010"]
[WhiteFideId "14153084"]
[BlackFideId "14960958"]
[EventDate "2026.03.25"]

1. e4 e5 2. Nf3 Nc6 3. Bb5 Nf6 4. d3 Bc5 5. Bxc6 dxc6 6. Nbd2 Nd7 7. Nc4 Qe7 8.
O-O Bd6 9. c3 O-O 10. b4 c5 11. a3 b6 12. Ne3 Nf6 13. Nh4 g6 14. g3 Bb7 15. Nhg2
Rad8 16. f4 Qd7 17. Nc4 exf4 18. gxf4 Be7 19. Ne5 Qe6 20. Qe2 Nd7 21. Nc4 f5 22.
e5 Nf6 23. Bb2 Ng4 24. h3 Nf6 25. Qf2 Nh5 26. Rad1 Ba6 27. Nge3 Rd7 28. Rd2 Rfd8
29. Rfd1 Bf8 30. bxc5 Bxc5 31. d4 Bxc4 32. dxc5 b5 33. Ng2 Bb3 34. Rxd7 Rxd7 35.
Rd4 Rxd4 36. Qxd4 Qd5 37. Bc1 Ng3 38. Kh2 Nf1+ 39. Kg1 Ng3 40. Kh2 Nf1+ 41. Kg1 1/2-1/2

[Event "Reykjavik Open 2026"]
[Site "Reykjavik ISL"]
[Date "2026.03.26"]
[Round "3.90"]
[White "Schmid, Bernhard"]
[Black "Moor, Olivier"]
[Result "0-1"]
[BlackTitle "IM"]
[WhiteElo "2015"]
[BlackElo "2290"]
[WhiteFideId "12915467"]
[BlackFideId "1303112"]
[EventDate "2026.03.25"]

1. d4 Nf6 2. c4 e6 3. Nc3 Bb4 4. Qc2 d6 5. Bd2 a5 6. a3 Bxc3 7. Bxc3 Nbd7 8. e4
e5 9. dxe5 dxe5 10. Nf3 Qe7 11. Be2 O-O 12. O-O a4 13. Rac1 Re8 14. Nd2 b6 15.
Bb4 c5 16. Bc3 Nb8 17. f4 Nc6 18. fxe5 Nd7 19. Bg4 Ndxe5 20. Bxc8 Rexc8 21. Rce1
Nd4 22. Qd1 Rd8 23. Qh5 f6 24. Nf3 Ndxf3+ 25. gxf3 Nxc4 26. e5 fxe5 27. Bxe5 Qf7
28. Qxf7+ Kxf7 29. Bc3 Re8 30. Rxe8 Rxe8 31. Rd1 g6 32. Kf2 Ke6 33. h3 b5 34. h4
Nb6 35. f4 Nd5 36. Be5 Rd8 37. Kf3 Rd7 38. Rc1 c4 39. Re1 Ne7 40. Bc3+ Kf7 41.
Re5 Rd3+ 42. Kf2 Rd5 43. Re1 Rh5 44. Bb4 Nd5 45. Kg3 Nxb4 46. axb4 Rd5 47. Kg4
h5+ 0-1

[Event "Reykjavik Open 2026"]
[Site "Reykjavik ISL"]
[Date "2026.03.26"]
[Round "3.91"]
[White "Willy, Stephen"]
[Black "Thorisson, Benedikt"]
[Result "1-0"]
[WhiteTitle "FM"]
[WhiteElo "2290"]
[BlackElo "2003"]
[WhiteFideId "30981468"]
[BlackFideId "2314576"]
[EventDate "2026.03.25"]

1. Nf3 Nf6 2. c4 g6 3. Nc3 d5 4. cxd5 Nxd5 5. h4 Bg7 6. h5 Nxc3 7. bxc3 Bg4 8.
Qb3 Bxf3 9. gxf3 b6 10. f4 c6 11. h6 Bf6 12. e4 e6 13. d4 O-O 14. Ba3 Be7 15.
Bb2 Qd6 16. Bc1 Nd7 17. Bg2 Rac8 18. O-O c5 19. Rd1 Qc7 20. e5 cxd4 21. cxd4 Qc2
22. Be3 Qxb3 23. axb3 Rc7 24. d5 exd5 25. Bxd5 Nc5 26. f5 gxf5 27. Kh1 Ne6 28.
Rg1+ Kh8 29. Bxe6 fxe6 30. Rg7 Rg8 31. Rag1 Rxg7 32. Rxg7 Bd8 33. Bg5 Bxg5 34.
Rxc7 Bxh6 35. Re7 Kg8 36. Rxe6 Bg5 37. Kg2 Kf7 38. Rc6 Bd8 39. Rh6 a5 40. Kf3 b5
41. Kf4 a4 42. bxa4 bxa4 43. Ra6 1-0

[Event "Reykjavik Open 2026"]
[Site "Reykjavik ISL"]
[Date "2026.03.26"]
[Round "3.92"]
[White "Tamas, Christian-Arrydan"]
[Black "Estevez Sacristan, Deva"]
[Result "1-0"]
[WhiteTitle "FM"]
[BlackTitle "CM"]
[WhiteElo "2287"]
[BlackElo "2001"]
[WhiteFideId "1283740"]
[BlackFideId "32041101"]
[EventDate "2026.03.25"]

1. e4 e5 2. Nf3 Nc6 3. d4 exd4 4. Nxd4 Nf6 5. Nc3 g6 6. Nxc6 dxc6 7. Qxd8+ Kxd8
8. Bc4 Ke8 9. e5 Nd7 10. e6 fxe6 11. Bxe6 Bg7 12. Bd2 Nc5 13. Bxc8 Rxc8 14.
O-O-O Kf7 15. Be3 Bxc3 16. Bxc5 Bf6 17. Rd7+ 1-0

[Event "Reykjavik Open 2026"]
[Site "Reykjavik ISL"]
[Date "2026.03.26"]
[Round "3.93"]
[White "De Vleeschauwer, Maarten"]
[Black "Lonnqvist, Henrik"]
[Result "1-0"]
[WhiteTitle "FM"]
[WhiteElo "2277"]
[BlackElo "2000"]
[WhiteFideId "214809"]
[BlackFideId "505137"]
[EventDate "2026.03.25"]

1. e4 c5 2. b4 e5 3. Nf3 cxb4 4. Nxe5 Qe7 5. Bb2 Nc6 6. d4 d6 7. Nxc6 Qxe4+ 8.
Be2 bxc6 9. O-O Qf4 10. d5 Bd7 11. Re1 O-O-O 12. a3 Nf6 13. Qd3 Ne4 14. Qxe4 1-0

[Event "Reykjavik Open 2026"]
[Site "Reykjavik ISL"]
[Date "2026.03.26"]
[Round "3.94"]
[White "Briem, Gudrun Fanney"]
[Black "Sterck, Arno"]
[Result "0-1"]
[WhiteTitle "WCM"]
[BlackTitle "FM"]
[WhiteElo "1993"]
[BlackElo "2252"]
[WhiteFideId "2317486"]
[BlackFideId "228249"]
[EventDate "2026.03.25"]

1. d4 d5 2. c4 c6 3. cxd5 cxd5 4. Bf4 Nc6 5. e3 Nf6 6. Nc3 a6 7. Be2 Bf5 8. Nf3
e6 9. Qb3 Bb4 10. O-O Bxc3 11. bxc3 Qe7 12. c4 dxc4 13. Qxc4 O-O 14. Rfc1 Rfc8
15. Nh4 Be4 16. Qc5 Qxc5 17. Rxc5 b6 18. Rcc1 Nb4 19. f3 Bb7 20. a3 Nbd5 21. g3
Nxf4 22. gxf4 Nd5 23. Kf2 g6 24. Ng2 Rxc1 25. Rxc1 Rc8 26. Rxc8+ Bxc8 27. e4 Nc3
28. Bd3 f5 29. Ne1 Bb7 30. Ke3 Kg7 31. Nc2 Kh6 32. d5 fxe4 33. fxe4 exd5 34. e5
Na4 35. Be2 Kg7 36. Kd4 Nc5 37. Nb4 Ne6+ 38. Ke3 d4+ 39. Kd2 Nxf4 40. Bxa6 Bxa6
41. Nxa6 Kf7 42. Nc7 g5 43. a4 h5 44. Na8 Nd5 45. Kd3 Ke6 46. Kxd4 g4 47. Nxb6
Nxb6 48. a5 Nd5 49. Ke4 h4 50. a6 g3 51. Kf3 Ne3 52. h3 Nd5 0-1

[Event "Reykjavik Open 2026"]
[Site "Reykjavik ISL"]
[Date "2026.03.26"]
[Round "3.95"]
[White "Brzezina, Pawel"]
[Black "Dalhouse, Justin"]
[Result "0-1"]
[WhiteTitle "CM"]
[WhiteElo "2248"]
[BlackElo "1989"]
[WhiteFideId "21078866"]
[BlackFideId "30902894"]
[EventDate "2026.03.25"]

1. d4 Nf6 2. c4 g6 3. h4 h5 4. Nc3 d5 5. Bg5 c6 6. e3 Bg7 7. Qb3 dxc4 8. Bxc4
O-O 9. Nf3 Nbd7 10. e4 b5 11. Bxf7+ Rxf7 12. e5 Nd5 13. Nxd5 cxd5 14. Qxd5 Rb8
15. e6 Rf5 16. Ne5 Qa5+ 17. Bd2 Nf6 18. Qb3 Qb6 19. Nxg6 Bxe6 20. Nxe7+ Kf7 21.
Qg3 Ne4 22. Qg6+ Kxe7 23. Qxg7+ Rf7 24. Bb4+ Kd7 25. Qe5 Bc4 26. O-O-O Nxf2 27.
Rhe1 Nxd1 28. Kxd1 Rc8 29. b3 Be6 30. Bc5 Qc6 31. Kc1 Qd5 32. Qg3 Qxd4 33. b4
Qc4+ 0-1

[Event "Reykjavik Open 2026"]
[Site "Reykjavik ISL"]
[Date "2026.03.26"]
[Round "3.96"]
[White "Resika, Nathan"]
[Black "Plaskan, Jure"]
[Result "0-1"]
[WhiteTitle "FM"]
[WhiteElo "1990"]
[BlackElo "2237"]
[WhiteFideId "2008343"]
[BlackFideId "14605252"]
[EventDate "2026.03.25"]

1. c4 Nf6 2. g3 g6 3. Bg2 Bg7 4. Nc3 O-O 5. d4 d6 6. h3 e5 7. Nf3 Nc6 8. dxe5
dxe5 9. Bg5 Be6 10. Nd5 e4 11. Nd2 Bxd5 12. cxd5 Qxd5 13. Nxe4 Qa5+ 14. Qd2 Nxe4
15. Bxe4 Bxb2 16. Qxa5 Nxa5 17. Rb1 Bc3+ 18. Kf1 c6 19. Kg2 Rfe8 20. Bf3 Bd4 21.
h4 f6 22. Bf4 Rac8 23. Rhd1 Red8 24. Rdc1 b5 25. e3 Bb6 26. a4 bxa4 27. Rc2 c5
28. Ra1 Nc6 29. Rxa4 Nb4 30. Rc3 Rd3 31. Rc1 Rcd8 32. Bh6 Kf7 33. Be2 Rd2 34.
Bc4+ Ke7 35. Ra3 Rc2 36. Rxc2 Nxc2 37. Ra2 Ne1+ 38. Kf1 Nf3 39. Ke2 Ne5 40. Ba6
Nf7 41. Bf4 g5 42. hxg5 fxg5 43. Bxg5+ Nxg5 44. f4 Ne4 45. Kf3 Nd2+ 46. Ke2 Nb3
47. Rc2 Ba5 48. g4 h6 49. Rc4 Rd2+ 50. Kf3 Rd6 51. Re4+ Kf8 0-1

[Event "Reykjavik Open 2026"]
[Site "Reykjavik ISL"]
[Date "2026.03.26"]
[Round "3.97"]
[White "Vincenti, Leonardo"]
[Black "Finke, Kelvin"]
[Result "1-0"]
[WhiteTitle "FM"]
[WhiteElo "2226"]
[BlackElo "1986"]
[WhiteFideId "28550820"]
[BlackFideId "3205495"]
[EventDate "2026.03.25"]

1. e4 c5 2. Nf3 e6 3. d4 cxd4 4. Nxd4 Nc6 5. Nc3 Qc7 6. Be3 a6 7. g4 b5 8. Nxc6
Qxc6 9. Qd2 b4 10. Ne2 Qxe4 11. Rg1 Qc4 12. Ng3 Qc7 13. O-O-O Ne7 14. Bg2 Nc6
15. Bf4 Qb6 16. Rge1 b3 17. axb3 a5 18. Bd6 a4 19. Bxf8 Rxf8 20. b4 a3 21. b3 a2
22. Kb2 a1=Q+ 23. Rxa1 Rxa1 24. Rxa1 Nxb4 25. Ra8 Ke7 26. Qc3 Nc6 27. Qxg7 Qd4+
28. Qxd4 Nxd4 29. c3 Nb5 30. c4 Nd6 31. c5 Nb5 32. b4 d5 33. Rb8 Nd4 34. b5 Kd7
35. Kc3 Kc7 36. Rb6 e5 37. Bxd5 Rd8 38. Bc4 Bxg4 39. Ne4 f5 40. Nd6 Bf3 41. Ra6
Rb8 42. Nf7 Re8 43. Rf6 Be2 44. Nd6 Bxc4 45. Kxc4 Rg8 46. Nxf5 Rg4 47. Kd5 Nxb5
48. Rb6 1-0

[Event "Reykjavik Open 2026"]
[Site "Reykjavik ISL"]
[Date "2026.03.26"]
[Round "3.98"]
[White "Hanisch, Sebastian"]
[Black "Vojtek, Vladimir"]
[Result "1/2-1/2"]
[BlackTitle "FM"]
[WhiteElo "1984"]
[BlackElo "2211"]
[WhiteFideId "24668150"]
[BlackFideId "14901919"]
[EventDate "2026.03.25"]

1. d4 d5 2. Bf4 e6 3. Nf3 Bd6 4. Bg3 Nf6 5. Nbd2 b6 6. e3 Bb7 7. Bd3 c5 8. c3
Nc6 9. Qe2 Rc8 10. dxc5 Bxc5 11. e4 d4 12. cxd4 Nxd4 13. Nxd4 Qxd4 14. Bb5+ Kf8
15. e5 Ne4 16. Nxe4 Qxe4 17. Qxe4 Bxe4 18. f3 Bd5 19. Ke2 h6 20. Rae1 Ke7 21.
Ba6 Rcd8 22. h3 Ba8 23. Rd1 Rd4 24. Rxd4 Bxd4 25. Rc1 Rd8 26. Rc7+ Rd7 27. Rxd7+
Kxd7 28. Kd3 Bxb2 29. Bb5+ Bc6 30. a4 Kc7 31. Bxc6 Kxc6 32. Ke4 Kc5 33. Be1 a6
34. h4 h5 35. g4 g6 36. gxh5 gxh5 37. f4 b5 38. axb5 axb5 39. f5 Bc1 40. Bc3 Kc6
41. fxe6 fxe6 42. Bb4 Bh6 43. Be7 Bd2 44. Bf6 Be1 45. Kd4 Bf2+ 1/2-1/2

[Event "Reykjavik Open 2026"]
[Site "Reykjavik ISL"]
[Date "2026.03.26"]
[Round "3.99"]
[White "Fossheim, Yngve"]
[Black "Jiang, Brian"]
[Result "1/2-1/2"]
[WhiteElo "2208"]
[BlackElo "1983"]
[WhiteFideId "1512277"]
[BlackFideId "2627922"]
[EventDate "2026.03.25"]

1. e4 c5 2. Nf3 Nc6 3. d4 cxd4 4. Nxd4 g6 5. c4 Nf6 6. Nc3 Nxd4 7. Qxd4 d6 8.
Be2 Bg7 9. Be3 O-O 10. Qd3 a5 11. O-O a4 12. f3 Qa5 13. Bd4 Be6 14. Rab1 Rfc8
15. b3 axb3 16. axb3 Nd7 17. Bxg7 Kxg7 18. f4 f6 19. Nb5 Qb4 20. Nd4 Bf7 21. Bg4
Nc5 22. Qe3 Rd8 23. e5 Ra2 24. Rfd1 Rda8 25. Bf3 dxe5 26. fxe5 Qb6 27. Kh1 Qc7
28. e6 Be8 29. Bd5 R8a3 30. Rdc1 Qe5 31. Nf5+ Qxf5 32. Qxc5 Kf8 33. Rf1 Rxb3 34.
Rbe1 Qg5 35. Qc8 Re3 36. Rxe3 Qxe3 37. Bxb7 Qf2 38. Rg1 Re2 39. h3 Re1 40. Rxe1
Qxe1+ 41. Kh2 Qe5+ 42. Kg1 Qe1+ 43. Kh2 Qe5+ 44. g3 Qe2+ 45. Bg2 h5 46. h4 Qf2
47. c5 g5 48. hxg5 fxg5 49. c6 h4 50. gxh4 Qxh4+ 51. Kg1 Qe1+ 52. Kh2 Qh4+ 53.
Kg1 Qe1+ 1/2-1/2

[Event "Reykjavik Open 2026"]
[Site "Reykjavik ISL"]
[Date "2026.03.26"]
[Round "3.100"]
[White "Matsumura, Cocoro"]
[Black "Van Zeebroeck, Sam"]
[Result "1-0"]
[WhiteTitle "CM"]
[WhiteElo "2202"]
[BlackElo "1978"]
[WhiteFideId "36087114"]
[BlackFideId "231924"]
[EventDate "2026.03.25"]

1. e4 b6 2. d4 Bb7 3. Nc3 e6 4. Bd3 Bb4 5. Ne2 Nf6 6. O-O d5 7. e5 Ne4 8. f3
Nxc3 9. bxc3 Be7 10. Qe1 Bh4 11. g3 Be7 12. a4 Nc6 13. f4 g6 14. g4 Qd7 15. f5
gxf5 16. gxf5 O-O-O 17. f6 Rdg8+ 18. Kh1 Bf8 19. Bf4 h5 20. Qh4 Rg4 21. Qh3 Na5
22. Ng3 Qc6 23. Nxh5 Rgg8 24. Bb5 Rxh5 25. Qxh5 Qxc3 26. Qxf7 Bc6 27. Qxg8 Qxd4
28. Ba6+ Bb7 29. Qxf8+ Kd7 30. Qe7+ Kc6 31. Bb5# 1-0

[Event "Reykjavik Open 2026"]
[Site "Reykjavik ISL"]
[Date "2026.03.26"]
[Round "3.101"]
[White "Homer, Stephen J"]
[Black "Vemparala, Nikash"]
[Result "0-1"]
[BlackTitle "CM"]
[WhiteElo "1979"]
[BlackElo "2201"]
[WhiteFideId "410322"]
[BlackFideId "30960967"]
[EventDate "2026.03.25"]

1. e4 e5 2. Nf3 Nc6 3. Bc4 Nf6 4. d3 Bc5 5. c3 O-O 6. O-O d6 7. Bg5 a6 8. a4 Ba7
9. Nbd2 h6 10. Bh4 Be6 11. b4 g5 12. Bg3 Ne7 13. Bxe6 fxe6 14. d4 exd4 15. Nxd4
Qd7 16. h4 Ng6 17. hxg5 hxg5 18. Qe2 e5 19. Nf5 Nxe4 20. Nh6+ Kg7 21. Nxe4 Kxh6
22. Rfd1 Nf4 23. Bxf4 Rxf4 24. Rd3 Qf5 25. Rh3+ Kg7 26. Re1 g4 27. Ng3 Bxf2+ 28.
Qxf2 Rxf2 29. Nxf5+ Rxf5 30. Rh4 Rf4 31. g3 Rc4 32. Re3 a5 33. bxa5 Rxa5 34. Rh5
Raxa4 35. Rg5+ Kf6 36. Rg8 Ra3 0-1